000 00230nam a2200097Ia 4500
001 647576
005 20250826153705.0
008 250824s9999 xx 000 0 und d
245 0 _aRuby Rogers Oyunbozan
_cSue Limb
260 _bALTIN
999 _c647576
_d647576